| 000 | 00723nam a2200241 a 4500 | ||
|---|---|---|---|
| 005 | 20240320063701.0 | ||
| 008 | 040430s2003 mx r 000 0 spa d | ||
| 020 | _a8466304479 | ||
| 035 | _aUPN01000133238 | ||
| 049 | _aCG | ||
| 050 | 4 |
_aPS3566 U9 _bP8.9 |
|
| 100 | 1 |
_aPuzo, Mario, _d1920-1999 _938692 |
|
| 245 | 1 | 3 |
_aEl padrino / _cMario Puzo ; tr. Ángel Arnau. |
| 260 |
_aMadrid : _bSuma de Letras, _c2003. |
||
| 300 | _a659 p. | ||
| 440 | 0 |
_aPunto de lectura ; _v161.1 |
|
| 500 | _a"El gran clásico sobre la mafia" | ||
| 534 |
_pTraducción de: _tThe godfather |
||
| 650 | 4 |
_aNovela estadounidense _94462 |
|
| 650 | 4 |
_aMAFIA - _vNOVELA _915965 |
|
| 650 | 4 |
_aCRIMEN ORGANIZADO - _vNOVELA _911420 |
|
| 905 | _aLibro | ||
| 999 |
_c105390 _d105390 |
||